Top 15 Los Angeles Lakers of all-time - Statistics

General Stats
  • This quiz has been taken 38 times
  • The average score is 10 of 15
Answer Stats
Pos/Placement Answer % Correct
SG #2 Kobe Bryant
100%
PG #1 Magic Johnson
100%
C #3 Shaquille Oneal
100%
C #5 Kareem Abdul-Jabbar
92%
SF #7 LeBron James
92%
SG #4 Jerry West
86%
SF #6 Elgin Baylor
81%
C #8 Wilt Chamberlain
75%
PF #9 James Worthy
72%
C #12 Anthony Davis
69%
C #10 Pau Gasol
58%
SG #11 Gail Goodrich
44%
SF #13 Jamaal Wilkes
22%
PF #14 Vern Mikkelsen
22%
PF #15 AC Green
17%
No matching quizzes found
Score Distribution
Percent of People with Each Score
Percentile by Number Answered
Your Score History
You have not taken this quiz